La Métamorphose des cloportes. (Record no. 124810)
[ view plain ]
| 000 -LEADER | |
|---|---|
| fixed length control field | 00729cam a2200265 4500 |
| 001 - CONTROL NUMBER | |
| control field | 1662041 |
| 003 - CONTROL NUMBER IDENTIFIER | |
| control field | ARRUPE |
| 005 - DATE AND TIME OF LATEST TRANSACTION | |
| control field | 20160728094802.0 |
| 008 - FIXED-LENGTH DATA ELEMENTS--GENERAL INFORMATION | |
| fixed length control field | 890113s1967 fr 000 0 fre |
| 010 ## - LIBRARY OF CONGRESS CONTROL NUMBER | |
| LC control number | 68091002 |
| 015 ## - NATIONAL BIBLIOGRAPHY NUMBER | |
| National bibliography number | F67-5225 |
| 035 ## - SYSTEM CONTROL NUMBER | |
| System control number | (OCoLC)ocm19021772 |
| 035 ## - SYSTEM CONTROL NUMBER | |
| System control number | (NNC)1662041 |
| 040 ## - CATALOGING SOURCE | |
| Original cataloging agency | DLC |
| Transcribing agency | CUY |
| Modifying agency | ZCU |
| 050 0# - LIBRARY OF CONGRESS CALL NUMBER | |
| Classification number | PQ2662.O74 |
| Item number | M4 |
| 300 ## - PHYSICAL DESCRIPTION | |
| Dimensions | 18 cm. |
| 100 1# - MAIN ENTRY--PERSONAL NAME | |
| Personal name | Boudard, Alphonse. |
| 9 (RLIN) | 24452 |
| 245 13 - TITLE STATEMENT | |
| Title | La Métamorphose des cloportes. |
| Statement of responsibility, etc | Boudard, Alphonse |
| 260 ## - PUBLICATION, DISTRIBUTION, ETC. (IMPRINT) | |
| Place of publication, distribution, etc | Paris, |
| Name of publisher, distributor, etc | La Table Ronde, |
| Date of publication, distribution, etc | 1971. |
| 300 ## - PHYSICAL DESCRIPTION | |
| Extent | 218 p. |
| 490 1# - SERIES STATEMENT | |
| Series statement | Le Livre de poche, |
| Volume number/sequential designation | 2119 |
| 500 ## - GENERAL NOTE | |
| General note | Cover illustrated in color. |
| 830 #0 - SERIES ADDED ENTRY--UNIFORM TITLE | |
| Uniform title | Livre de poche ; |
| Volume number/sequential designation | 2119. |
| 9 (RLIN) | 24453 |
| 942 ## - ADDED ENTRY ELEMENTS (KOHA) | |
| Source of classification or shelving scheme | Library of Congress Classification |
| Koha item type | Monograph ( Printed materials) |
| Withdrawn status | Lost status | Source of classification or shelving scheme | Damaged status | Not for loan | Collection code | Home library | Current library | Shelving location | Date acquired | Total Checkouts | Full call number | Barcode | Date last seen | Price effective from | Koha item type |
|---|---|---|---|---|---|---|---|---|---|---|---|---|---|---|---|
| Library of Congress Classification | Main Collection | ARRUPE LIBRARY | ARRUPE LIBRARY | Main Collection | 28/07/2016 | PQ2662.O74M4 | 46500008062 | 26/03/2019 | 28/07/2016 | Monograph ( Printed materials) |